<?xml version="1.0" encoding="UTF-8"?>
<marc:record xmlns:marc="http://www.loc.gov/MARC21/slim">
   <marc:leader>00000nam a2200000 a 4500</marc:leader>
   <marc:datafield ind1=" " ind2=" " tag="653">
      <marc:subfield code="a">Wandern</marc:subfield>
   </marc:datafield>
   <marc:datafield ind1=" " ind2=" " tag="653">
      <marc:subfield code="a">Radwandern</marc:subfield>
   </marc:datafield>
   <marc:datafield ind1=" " ind2=" " tag="653">
      <marc:subfield code="a">folded</marc:subfield>
   </marc:datafield>
   <marc:datafield ind1=" " ind2=" " tag="653">
      <marc:subfield code="a">Burgenland</marc:subfield>
   </marc:datafield>
   <marc:datafield ind1=" " ind2=" " tag="653">
      <marc:subfield code="a">Führer</marc:subfield>
   </marc:datafield>
   <marc:datafield ind1=" " ind2=" " tag="653">
      <marc:subfield code="a">KOMPASS</marc:subfield>
   </marc:datafield>
   <marc:datafield ind1=" " ind2=" " tag="653">
      <marc:subfield code="a">Karte</marc:subfield>
   </marc:datafield>
   <marc:datafield ind1=" " ind2=" " tag="653">
      <marc:subfield code="a">Outdoor</marc:subfield>
   </marc:datafield>
   <marc:datafield ind1=" " ind2=" " tag="653">
      <marc:subfield code="a">Rad</marc:subfield>
   </marc:datafield>
   <marc:datafield ind1=" " ind2=" " tag="653">
      <marc:subfield code="a">Route</marc:subfield>
   </marc:datafield>
   <marc:datafield ind1=" " ind2=" " tag="653">
      <marc:subfield code="a">Tour</marc:subfield>
   </marc:datafield>
   <marc:datafield ind1=" " ind2=" " tag="653">
      <marc:subfield code="a">Trekking</marc:subfield>
   </marc:datafield>
   <marc:datafield ind1=" " ind2=" " tag="653">
      <marc:subfield code="a">WK 227</marc:subfield>
   </marc:datafield>
   <marc:datafield ind1=" " ind2=" " tag="653">
      <marc:subfield code="a">Wanderbuch</marc:subfield>
   </marc:datafield>
   <marc:datafield ind1=" " ind2=" " tag="653">
      <marc:subfield code="a">Wanderführer</marc:subfield>
   </marc:datafield>
   <marc:datafield ind1=" " ind2=" " tag="653">
      <marc:subfield code="a">Wanderkarte</marc:subfield>
   </marc:datafield>
   <marc:datafield ind1=" " ind2=" " tag="653">
      <marc:subfield code="a">Wanderroute</marc:subfield>
   </marc:datafield>
   <marc:datafield ind1=" " ind2=" " tag="653">
      <marc:subfield code="a">Wandertour</marc:subfield>
   </marc:datafield>
   <marc:datafield ind1=" " ind2=" " tag="653">
      <marc:subfield code="a">Wanderung</marc:subfield>
   </marc:datafield>
   <marc:datafield ind1=" " ind2=" " tag="653">
      <marc:subfield code="a">Wanderweg</marc:subfield>
   </marc:datafield>
   <marc:datafield ind1=" " ind2=" " tag="653">
      <marc:subfield code="a">Eisenstadt</marc:subfield>
   </marc:datafield>
   <marc:datafield ind1=" " ind2=" " tag="653">
      <marc:subfield code="a">Neusiedler See</marc:subfield>
   </marc:datafield>
   <marc:datafield ind1=" " ind2=" " tag="653">
      <marc:subfield code="a">Globen / Reisen/Karten</marc:subfield>
   </marc:datafield>
   <marc:datafield ind1=" " ind2=" " tag="653">
      <marc:subfield code="a">Stadtpläne</marc:subfield>
   </marc:datafield>
   <marc:datafield ind1=" " ind2=" " tag="653">
      <marc:subfield code="a">Atlanten/Europa</marc:subfield>
   </marc:datafield>
   <marc:datafield ind1="0" ind2="0" tag="245">
      <marc:subfield code="a">Burgenland</marc:subfield>
   </marc:datafield>
   <marc:datafield ind1=" " ind2="1" tag="264">
      <marc:subfield code="a">Innsbruck</marc:subfield>
      <marc:subfield code="b">KOMPASS-Karten GmbH</marc:subfield>
   </marc:datafield>
   <marc:datafield ind1=" " ind2=" " tag="250">
      <marc:subfield code="a">1. Auflage], [Laufzeit]: (2017 → 2021)</marc:subfield>
   </marc:datafield>
   <marc:datafield ind1="1" ind2=" " tag="520">
      <marc:subfield code="a">Angaben aus der Verlagsmeldung

Burgenland : Wanderkarten-Set mit Radrouten. GPS-genau. 1:50000

Das Burgenland ist das östlichste und flachste Bundesland Österreichs. Es grenzt im Osten an Ungarn und im Westen an Niederösterreich und die Steiermark. Im Norden liegt der Neusiedler See, das „Meer der Wiener“, ein von einem breiten Schilfgürtel umgebener Steppensee. Der Nationalpark Neusiedler See-Seewinkel bietet seltenen Vogelarten Lebensraum. Besonders beliebt bei Jung und Alt ist das burgenländische Radwegenetz (5000 km) und die Thermen Lutzmannsburg, Stegersbach sowie Bad Tatzmannsdorf.

Blatt Nord (Vorderseite/Rückseite) – Neusiedl am See • Eisenstadt • Mattersburg
Blatt Süd (Vorderseite/Rückseite) – Oberpullendorf • Oberwart • Güssing • Jennersdorf

Blattschnitt Nord (VS):

N Petronell-Carnuntum - Wolfsthal-Berg
S Neusiedler See/Grenze zu Ungarn - Pamhagen - Hanság
W Trautmanndorf an der Leitha - Purbach am Neusiedler See - Fertörákos
O Deutsch Jahrndorf – Nickolsdorf – Jánossomorja

Blattschnitt Nord (RS):

N Gumpoldskirchen - Ebergassing
S Wiemath - Ödenburger Gebirge
W Baden - Wiener Neustadt - Lanzenkirchen
O Sommerein - Purbach am Neusiedler See - Rust – Mörbisch

Blattschnitt Süd (VS):

N Grimmenstein - Schwarzenbach
S Bad Tatzmannsdorf - Stadtschlaining
W Sankt Corona am Wechsel - Wechselpass - Lafnitz
O Deutschkreuz - Nikitsch – Lutzmannsburg

Blattschnitt Süd (VS):

N Loiperdorf-Kitzladen - Stadtschlaining
S St. Anna am Aigen - St. Matin an der Raab
W Bad Blumau – Fürstenfeld - Kapfenstein
O Grenze zu Ungarn - Rechnitz - Eberau – Moschendorf

Die KOMPASS Wanderkarten überzeugen durch
• eine GPS-genaue und aktuelle Karte zur einfachen Orientierung
• lesefreundliche Optik im idealen Maßstab von 1:25.000/1:35.000 oder 1:50.000
</marc:subfield>
   </marc:datafield>
   <marc:datafield ind1=" " ind2=" " tag="020">
      <marc:subfield code="a">9783990442784</marc:subfield>
      <marc:subfield code="9">9783990442784</marc:subfield>
   </marc:datafield>
   <marc:datafield ind1=" " ind2=" " tag="041">
      <marc:subfield code="a">ger</marc:subfield>
   </marc:datafield>
   <marc:datafield ind1=" " ind2=" " tag="300">
      <marc:subfield code="a">1 Karte in 2 Teilen</marc:subfield>
   </marc:datafield>
</marc:record>
